UBT Library

Strabismus : (Record no. 39271)

000 -LEADER
fixed length control field 00803nam a2200265 a 4500
001 - CONTROL NUMBER
control field 3973291
005 - DATE AND TIME OF LATEST TRANSACTION
control field 20171221080607.0
008 - FIXED-LENGTH DATA ELEMENTS--GENERAL INFORMATION
fixed length control field 940923s1994 moua b 001 0 eng d
010 ## - LIBRARY OF CONGRESS CONTROL NUMBER
LC control number 94229690
020 ## - INTERNATIONAL STANDARD BOOK NUMBER
International Standard Book Number 0815140487
035 ## - SYSTEM CONTROL NUMBER
System control number (OCoLC)31378230
040 ## - CATALOGING SOURCE
Original cataloging agency DNLM
Transcribing agency DNLM
Modifying agency FCM-M
-- Uk
-- TxHU
-- DLC
041 ## - LANGUAGE CODE
Language code of text/sound track or separate title eng
042 ## - AUTHENTICATION CODE
Authentication code lccopycat
060 10 - NATIONAL LIBRARY OF MEDICINE CALL NUMBER
Classification number WW 415
Item number V946s 1994
080 ## - UNIVERSAL DECIMAL CLASSIFICATION NUMBER
Universal Decimal Classification number 617.762 GUN
082 00 - DEWEY DECIMAL CLASSIFICATION NUMBER
Classification number 617.762 GUN
Edition number 20
100 1# - Rafti
Rafti 8
101 ## - Shkurtesa
Shkurtesa SHM
245 10 - TITLE STATEMENT
Title Strabismus :
Statement of responsibility, etc Gunter K. von Noorden, Eugene M. Helveston.
504 ## - BIBLIOGRAPHY, ETC. NOTE
Bibliography, etc Includes bibliographical references (p. 200-202) and index.
906 ## - LOCAL DATA ELEMENT F, LDF (RLIN)
a 7
b cbc
c copycat
d 2
e ncip
f 19
g y-gencatlg
942 ## - ADDED ENTRY ELEMENTS (KOHA)
Source of classification or shelving scheme
Item type Books
Holdings
Withdrawn status Lost status Source of classification or shelving scheme Damaged status Not for loan Permanent location Current location Date acquired Total Checkouts Full call number Barcode Date last seen Price effective from Koha item type
          UBT - Lipjan UBT - Lipjan 12/21/2017   617.762 GUN 002-2939696 12/21/2017 12/21/2017 Books
UBT Library © 2015-2024. All rights reserved University Education for Business and Technology